000 01028nam0a22002531 4500
001 rc\941335
005 20041129095800.7
035 _a(NLR Aleph) 006113828
090 _a5387838
_c5387838
100 _a20041129d1982 u |0rusy50 ca
101 0 _arus
102 _aRU
105 _aa |||||||||
200 1 _aИзменчивость океана и атмосферы в экваториальной Атлантике
_e(Исслед. по прогр. ПГЭП)
_e[Сб. ст.]
_fАН СССР, Ин-т океанографии им. П.П. Ширшова
_g[Отв. ред. А.С. Монин]
210 _aМ.
_cНаука
_d1982
215 _a310 с.
_cил.
_d27
320 _aБиблиогр. в конце ст.
702 1 _aМонин
_bА. С.
_gАндрей Сергеевич
_4340
712 0 2 _aИнститут океанологии им. П.П.Ширшова
_cМосква
_3RU\NLR\AUTH\8810012118
801 0 _aRU
_bNLR
_gpsbo
801 1 _aRU
_bELAR
_2rusmarc
852 _aNLR
_j83-7/616
942 _cBOOK
980 _aNB